000 00595nam a22002177a 4500
008 150604b xxu||||| |||| 00| 0 eng d
020 _a0071406735
041 0 _aENG
080 _a331.104
100 _aBlock, Jay A.
245 1 0 _a2500 keywords to get you hired /
_cJay A. Block and Michael Betrus.
260 _aNew York :
_bMcGraw-Hill,
_cc2003.
300 _a 177 f
_c28 cm
500 _aindex
650 0 _aRésumés (Employment)
650 0 _aKeyword searching.
650 0 _aJob hunting.
650 0 _aApplications for positions.
700 _aBetrus, Michael.
942 _2udc
_cBK
999 _c995
_d995